[Event "US Amateur Team West Championship"]
[Site "chess24.com"]
[Date "2020.02.16"]
[Round "3"]
[White "Perea Pino, Juan Diego"]
[Black "Ai, Evan"]
[Result "1/2-1/2"]
[Board "3"]
[WhiteFideId "2273683"]
[WhiteElo "2061"]
[WhiteCountry "ESP"]
[WhiteEloChange "-6"]
[BlackFideId "2094770"]
[BlackElo "1794"]
[BlackCountry "USA"]
[BlackEloChange "6"]

1. d4 {[%clk 1:58:42]} Nf6 {[%clk 1:59:49]} 2. Nc3 {[%clk 1:57:50]} d5 {[%clk
1:57:37]} 3. Bf4 {[%clk 1:57:49]} Bf5 {[%clk 1:57:09]} 4. e3 {[%clk 1:57:13]} c6
{[%clk 1:56:35]} 5. f3 {[%clk 1:56:55]} e6 {[%clk 1:56:13]} 6. g4 {[%clk
1:56:44]} Bg6 {[%clk 1:56:13]} 7. h4 {[%clk 1:56:43]} h5 {[%clk 1:55:43]} 8. g5
{[%clk 1:56:39]} Ng8 {[%clk 1:54:43]} 9. Bd3 {[%clk 1:52:45]} Bxd3 {[%clk
1:50:13]} 10. Qxd3 {[%clk 1:52:45]} Bd6 {[%clk 1:50:13]} 11. Nge2 {[%clk
1:51:39]} Ne7 {[%clk 1:49:36]} 12. O-O-O {[%clk 1:50:06]} b5 {[%clk 1:46:16]} 13.
Kb1 {[%clk 1:49:03]} Nc8 {[%clk 1:39:46]} 14. g6 {[%clk 1:47:15]} f6 {[%clk
1:37:22]} 15. e4 {[%clk 1:46:57]} Nb6 {[%clk 1:35:50]} 16. Bxd6 {[%clk 1:31:10]}
Qxd6 {[%clk 1:32:17]} 17. e5 {[%clk 1:28:50]} fxe5 {[%clk 1:29:34]} 18. dxe5
{[%clk 1:28:50]} Qe7 {[%clk 1:29:24]} 19. Nd4 {[%clk 1:16:43]} a6 {[%clk
1:28:20]} 20. f4 {[%clk 1:14:14]} c5 {[%clk 1:25:44]} 21. Nxe6 {[%clk 0:58:09]}
Qxe6 {[%clk 1:20:42]} 22. f5 {[%clk 0:58:09]} Qd7 {[%clk 1:19:05]} 23. e6 {[%clk
0:43:39]} Qb7 {[%clk 1:14:18]} 24. f6 {[%clk 0:41:27]} Nc6 {[%clk 0:54:56]} 25.
Nxd5 {[%clk 0:28:31]} O-O-O {[%clk 0:50:42]} 26. Qf5 {[%clk 0:18:07]} Rxd5 {[%clk
0:49:36]} 27. Rxd5 {[%clk 0:17:18]} Nxd5 {[%clk 0:49:36]} 28. e7+ {[%clk
0:16:00]} Qd7 {[%clk 0:49:36]} 29. fxg7 {[%clk 0:14:52]} Rg8 {[%clk 0:48:56]} 30.
Qf8+ {[%clk 0:08:11]} Qe8 {[%clk 0:48:56]} 31. Qf5+ {[%clk 0:07:23]} Kc7 {[%clk
0:48:48]} 32. Qxd5 {[%clk 0:07:22]} Rxg7 {[%clk 0:48:48]} 33. Rd1 {[%clk
0:02:57]} Qxe7 {[%clk 0:48:19]} 34. Qxh5 {[%clk 0:02:57]} Qe5 {[%clk 0:47:14]}
35. Qxe5+ {[%clk 0:01:30]} Nxe5 {[%clk 0:47:14]} 36. h5 {[%clk 0:01:30]} Ng4
{[%clk 0:45:52]} 37. Rd5 {[%clk 0:00:43]} c4 {[%clk 0:45:01]} 38. a4 {[%clk
0:00:41]} Kc6 {[%clk 0:41:34]} 39. Rg5 {[%clk 0:00:41]} Nh6 {[%clk 0:41:19]} 40.
axb5+ {[%clk 0:00:41]} axb5 {[%clk 0:41:15]} 41. b4 {[%clk 0:00:41]} cxb3 {[%clk
0:36:34]} 42. cxb3 {[%clk 0:28:25]} Ng8 {[%clk 1:05:24]} 43. Rf5 {[%clk 0:27:03]}
Nh6 {[%clk 1:05:06]} 44. Rg5 {[%clk 0:26:45]} 1/2-1/2

[Event "US Amateur Team West Championship"]
[Site "chess24.com"]
[Date "2020.02.16"]
[Round "3"]
[White "Xiong, Andy"]
[Black "Santanna, Paulo"]
[Result "1/2-1/2"]
[Board "4"]
[WhiteFideId "30939240"]
[WhiteElo "1634"]
[WhiteCountry "USA"]
[WhiteEloChange "6"]
[BlackElo "1894"]
[BlackCountry "USA"]
[BlackFideId "2027402"]
[BlackEloChange "-6"]

1. Nf3 {[%clk 1:59:18]} c5 {[%clk 1:59:27]} 2. g3 {[%clk 1:59:14]} g6 {[%clk
1:59:21]} 3. Bg2 {[%clk 1:59:09]} Bg7 {[%clk 1:59:09]} 4. O-O {[%clk 1:59:02]}
Nc6 {[%clk 1:56:02]} 5. c4 {[%clk 1:56:51]} Nh6 {[%clk 1:53:55]} 6. e4 {[%clk
1:55:52]} d6 {[%clk 1:51:21]} 7. h3 {[%clk 1:55:45]} O-O {[%clk 1:50:45]} 8. Nc3
{[%clk 1:54:29]} f5 {[%clk 1:47:25]} 9. d3 {[%clk 1:52:31]} Nd4 {[%clk 1:43:26]}
10. Nxd4 {[%clk 1:51:54]} cxd4 {[%clk 1:43:23]} 11. Nd5 {[%clk 1:50:11]} e6
{[%clk 1:38:58]} 12. Nf4 {[%clk 1:42:51]} e5 {[%clk 1:32:04]} 13. Nd5 {[%clk
1:40:59]} fxe4 {[%clk 1:31:57]} 14. dxe4 {[%clk 1:39:07]} Be6 {[%clk 1:30:49]}
15. f4 {[%clk 1:31:02]} Qd7 {[%clk 1:27:42]} 16. f5 {[%clk 1:27:56]} Bxd5 {[%clk
1:24:39]} 17. cxd5 {[%clk 1:24:59]} gxf5 {[%clk 1:16:50]} 18. Qh5 {[%clk
1:24:54]} Qf7 {[%clk 1:14:01]} 19. Qxf7+ {[%clk 1:24:43]} Rxf7 {[%clk 1:13:38]}
20. Bxh6 {[%clk 1:24:34]} Bxh6 {[%clk 1:13:29]} 21. exf5 {[%clk 1:23:47]} Be3+
{[%clk 1:12:35]} 22. Kh2 {[%clk 1:23:24]} Rc8 {[%clk 1:04:35]} 23. Be4 {[%clk
1:22:54]} h5 {[%clk 0:58:05]} 24. f6 {[%clk 1:22:22]} Rcf8 {[%clk 0:55:25]} 25.
Rf5 {[%clk 1:17:44]} Rxf6 {[%clk 0:54:31]} 26. Raf1 {[%clk 1:17:42]} Kg7 {[%clk
0:53:24]} 27. Rxf6 {[%clk 1:16:23]} 1/2-1/2

[Event "US Amateur Team West Championship"]
[Site "chess24.com"]
[Date "2020.02.16"]
[Round "3"]
[White "Zhang, Nathaniel"]
[Black "Dean, Jim"]
[Result "1/2-1/2"]
[Board "1"]
[WhiteFideId "30961076"]
[WhiteElo "1900"]
[WhiteCountry "USA"]
[WhiteEloChange "7"]
[BlackFideId "2012340"]
[BlackTitle "FM"]
[BlackElo "2208"]
[BlackCountry "USA"]
[BlackEloChange "-7"]

1. d4 {[%clk 1:58:21]} d5 {[%clk 2:00:00]} 2. Nf3 {[%clk 1:58:17]} Nf6 {[%clk
1:59:59]} 3. e3 {[%clk 1:58:11]} c5 {[%clk 1:59:45]} 4. c3 {[%clk 1:55:21]} cxd4
{[%clk 1:57:17]} 5. exd4 {[%clk 1:55:00]} Nc6 {[%clk 1:57:16]} 6. Bd3 {[%clk
1:53:44]} Bg4 {[%clk 1:55:55]} 7. Bf4 {[%clk 1:53:33]} e6 {[%clk 1:55:27]} 8.
Nbd2 {[%clk 1:52:59]} Bd6 {[%clk 1:55:07]} 9. Bxd6 {[%clk 1:51:51]} Qxd6 {[%clk
1:55:07]} 10. O-O {[%clk 1:51:13]} O-O {[%clk 1:54:23]} 11. Re1 {[%clk 1:50:30]}
Rab8 {[%clk 1:49:55]} 12. a4 {[%clk 1:49:00]} Bh5 {[%clk 1:44:59]} 13. Qb1 {[%clk
1:45:02]} Bg6 {[%clk 1:33:10]} 14. Bxg6 {[%clk 1:44:33]} hxg6 {[%clk 1:33:01]}
15. Ne5 {[%clk 1:43:32]} Nd7 {[%clk 1:05:10]} 16. Ndf3 {[%clk 1:41:50]} Ndxe5
{[%clk 1:01:35]} 17. Nxe5 {[%clk 1:41:10]} Nxe5 {[%clk 1:00:25]} 18. Rxe5 {[%clk
1:40:20]} Rfc8 {[%clk 0:48:32]} 19. Qd3 {[%clk 1:39:56]} Rc4 {[%clk 0:47:10]} 20.
Qh3 {[%clk 1:37:09]} Re8 {[%clk 0:45:03]} 21. Re3 {[%clk 1:32:06]} Qf4 {[%clk
0:40:55]} 22. Qg3 {[%clk 1:29:37]} Qxg3 {[%clk 0:40:01]} 23. Rxg3 {[%clk
1:29:16]} Rec8 {[%clk 0:39:17]} 24. Kf1 {[%clk 1:28:17]} Kf8 {[%clk 0:33:31]} 25.
Ke2 {[%clk 1:28:11]} R8c6 {[%clk 0:29:14]} 26. Kd2 {[%clk 1:27:55]} Rb6 {[%clk
0:28:06]} 27. Ra2 {[%clk 1:27:33]} Rc8 {[%clk 0:24:27]} 28. Kc2 {[%clk 1:26:04]}
Rb4 {[%clk 0:21:03]} 29. Kd2 {[%clk 1:25:19]} Rb6 {[%clk 0:20:44]} 30. Kc2 {[%clk
1:25:14]} Rb4 {[%clk 0:20:32]} 31. Kd2 {[%clk 1:25:11]} Rb6 {[%clk 0:20:25]}
1/2-1/2

[Event "US Amateur Team West Championship"]
[Site "chess24.com"]
[Date "2020.02.16"]
[Round "3"]
[White "Cooklev, Steven"]
[Black "Sartorio, William"]
[Result "1-0"]
[Board "2"]
[WhiteFideId "2050552"]
[WhiteElo "2084"]
[WhiteCountry "USA"]
[WhiteEloChange "4"]
[BlackFideId "30912164"]
[BlackElo "1824"]
[BlackCountry "USA"]
[BlackEloChange "-4"]

1. e4 {[%clk 1:57:00]} c5 {[%clk 1:58:35]} 2. Nf3 {[%clk 1:56:57]} e6 {[%clk
1:58:34]} 3. d4 {[%clk 1:56:57]} cxd4 {[%clk 1:58:34]} 4. Nxd4 {[%clk 1:56:57]}
a6 {[%clk 1:58:34]} 5. Be2 {[%clk 1:56:57]} Nf6 {[%clk 1:58:20]} 6. Nc3 {[%clk
1:56:50]} Qc7 {[%clk 1:57:46]} 7. O-O {[%clk 1:56:06]} Nc6 {[%clk 1:52:54]} 8.
Be3 {[%clk 1:55:58]} Bb4 {[%clk 1:52:12]} 9. Na4 {[%clk 1:55:41]} b5 {[%clk
1:46:00]} 10. Nxc6 {[%clk 1:44:14]} Qxc6 {[%clk 1:43:26]} 11. Nb6 {[%clk
1:44:04]} Rb8 {[%clk 1:42:09]} 12. e5 {[%clk 1:40:25]} Ng8 {[%clk 1:33:41]} 13.
Qd4 {[%clk 1:21:52]} Ba5 {[%clk 1:30:10]} 14. Nxc8 {[%clk 1:20:59]} Rxc8 {[%clk
1:24:39]} 15. a4 {[%clk 1:11:51]} bxa4 {[%clk 1:19:38]} 16. Rxa4 {[%clk 1:10:42]}
Bb6 {[%clk 0:17:20]} 17. Qf4 {[%clk 1:05:46]} Bxe3 {[%clk 1:02:50]} 18. fxe3
{[%clk 1:05:44]} Nh6 {[%clk 1:02:20]} 19. Bd3 {[%clk 0:47:08]} O-O {[%clk
0:51:55]} 20. Rxa6 {[%clk 0:46:38]} Qb7 {[%clk 0:51:01]} 21. Rd6 {[%clk 0:37:23]}
Qxb2 {[%clk 0:39:53]} 22. Rxd7 {[%clk 0:36:07]} Rcd8 {[%clk 0:31:24]} 23. Qe4
{[%clk 0:34:14]} Nf5 {[%clk 0:21:02]} 24. Rb7 {[%clk 0:30:50]} Qc3 {[%clk
0:18:31]} 25. g4 {[%clk 0:30:48]} g6 {[%clk 0:16:32]} 26. gxf5 {[%clk 0:30:41]}
exf5 {[%clk 0:16:30]} 27. Qf4 {[%clk 0:28:42]} Rd5 {[%clk 0:15:31]} 28. e6 {[%clk
0:26:34]} fxe6 {[%clk 0:14:46]} 29. Qh6 {[%clk 0:26:34]} Qh8 {[%clk 0:14:41]} 30.
Rfb1 {[%clk 0:24:56]} Rdd8 {[%clk 0:13:00]} 31. Bc4 {[%clk 0:24:29]} Rfe8 {[%clk
0:12:46]} 32. h4 {[%clk 0:20:41]} Rc8 {[%clk 0:11:33]} 33. Bd3 {[%clk 0:20:02]}
Rcd8 {[%clk 0:10:27]} 34. h5 {[%clk 0:19:54]} 1-0

[Event "US Amateur Team West Championship"]
[Site "chess24.com"]
[Date "2020.02.16"]
[Round "3"]
[White "Han, Jacob"]
[Black "Langreck, John"]
[Result "1/2-1/2"]
[Board "3"]
[WhiteFideId "30915848"]
[WhiteElo "1573"]
[WhiteCountry "USA"]
[WhiteEloChange "8"]
[BlackFideId "2003350"]
[BlackElo "2161"]
[BlackCountry "USA"]
[BlackEloChange "-8"]

1. c4 {[%clk 2:00:00]} c6 {[%clk 1:59:52]} 2. g3 {[%clk 2:00:00]} d5 {[%clk
1:59:51]} 3. Nf3 {[%clk 2:00:00]} Nf6 {[%clk 1:59:47]} 4. Bg2 {[%clk 2:00:00]}
Bg4 {[%clk 1:53:42]} 5. cxd5 {[%clk 1:58:34]} Bxf3 {[%clk 1:48:58]} 6. Bxf3
{[%clk 1:58:30]} cxd5 {[%clk 1:48:54]} 7. Qb3 {[%clk 1:57:35]} Qc8 {[%clk
1:48:33]} 8. Nc3 {[%clk 1:56:36]} e6 {[%clk 1:48:31]} 9. d3 {[%clk 1:55:13]} Nc6
{[%clk 1:39:51]} 10. O-O {[%clk 1:44:34]} Be7 {[%clk 1:37:35]} 11. Bf4 {[%clk
1:15:16]} O-O {[%clk 1:36:57]} 12. Rac1 {[%clk 1:15:10]} Qd7 {[%clk 1:14:14]} 13.
Bg2 {[%clk 1:07:15]} h6 {[%clk 1:07:31]} 14. e4 {[%clk 1:05:32]} e5 {[%clk
1:04:32]} 15. Bd2 {[%clk 1:02:44]} dxe4 {[%clk 1:01:00]} 16. Nxe4 {[%clk
0:58:55]} Nxe4 {[%clk 0:59:30]} 17. Bxe4 {[%clk 0:58:44]} Nd4 {[%clk 0:50:51]}
18. Qxb7 {[%clk 0:51:45]} Qxb7 {[%clk 0:49:14]} 19. Bxb7 {[%clk 0:50:52]} Ne2+
{[%clk 0:04:38]} 20. Kg2 {[%clk 0:44:44]} Nxc1 {[%clk 0:45:44]} 21. Bxa8 {[%clk
0:44:44]} Nxd3 {[%clk 0:44:53]} 22. Be4 {[%clk 0:44:40]} Nxb2 {[%clk 0:43:50]}
23. Rb1 {[%clk 0:44:40]} Nc4 {[%clk 0:40:26]} 24. Bc3 {[%clk 0:40:01]} Bc5 {[%clk
0:33:14]} 25. Bd3 {[%clk 0:27:04]} Nb6 {[%clk 0:09:47]} 26. Bxe5 {[%clk 0:00:05]}
Rd8 {[%clk 0:09:47]} 27. Bf1 {[%clk 0:00:25]} 1/2-1/2

[Event "US Amateur Team West Championship"]
[Site "chess24.com"]
[Date "2020.02.16"]
[Round "3"]
[White "Hollinberger, Drew"]
[Black "Jiang, Leo"]
[Result "1/2-1/2"]
[Board "4"]
[WhiteFideId "2031760"]
[WhiteElo "1955"]
[WhiteCountry "USA"]
[WhiteEloChange "-8"]
[BlackFideId "30952140"]
[BlackElo "1592"]
[BlackCountry "USA"]
[BlackEloChange "8"]

1. d4 {[%clk 2:00:00]} Nf6 {[%clk 2:00:00]} 2. Nf3 {[%clk 1:59:59]} e6 {[%clk
2:00:00]} 3. c4 {[%clk 1:59:46]} Bb4+ {[%clk 2:00:00]} 4. Nbd2 {[%clk 1:58:58]}
d5 {[%clk 1:59:44]} 5. a3 {[%clk 1:48:00]} Be7 {[%clk 1:59:08]} 6. e3 {[%clk
1:37:38]} O-O {[%clk 1:56:46]} 7. b4 {[%clk 1:35:39]} b6 {[%clk 1:56:26]} 8. Bb2
{[%clk 1:32:35]} Bb7 {[%clk 1:56:04]} 9. Qc2 {[%clk 1:28:27]} Nbd7 {[%clk
1:55:03]} 10. c5 {[%clk 1:27:45]} c6 {[%clk 1:53:51]} 11. Bd3 {[%clk 1:23:38]} a5
{[%clk 1:53:16]} 12. O-O {[%clk 1:18:18]} Ba6 {[%clk 1:32:31]} 13. Ne1 {[%clk
1:07:05]} Qc7 {[%clk 1:27:32]} 14. f4 {[%clk 0:57:14]} Bxd3 {[%clk 1:24:28]} 15.
Qxd3 {[%clk 0:56:18]} axb4 {[%clk 1:23:33]} 16. axb4 {[%clk 0:55:49]} Rxa1 {[%clk
1:23:33]} 17. Bxa1 {[%clk 0:55:44]} Qa7 {[%clk 1:23:25]} 18. Bc3 {[%clk 0:48:39]}
Ra8 {[%clk 1:19:50]} 19. Nc2 {[%clk 0:29:35]} Qa6 {[%clk 1:10:24]} 20. Qxa6
{[%clk 0:28:19]} Rxa6 {[%clk 1:10:24]} 21. b5 {[%clk 0:24:39]} cxb5 {[%clk
1:10:24]} 22. c6 {[%clk 0:22:30]} Nf8 {[%clk 1:10:14]} 23. Rb1 {[%clk 0:20:42]}
Ne8 {[%clk 1:09:52]} 24. Bb4 {[%clk 0:15:23]} Bxb4 {[%clk 1:07:41]} 25. Nxb4
{[%clk 0:15:19]} Ra8 {[%clk 1:07:39]} 26. e4 {[%clk 0:11:58]} Nc7 {[%clk
1:05:45]} 27. exd5 {[%clk 0:08:44]} exd5 {[%clk 1:05:44]} 28. Nf3 {[%clk
0:08:22]} f6 {[%clk 1:04:53]} 1/2-1/2

[Event "US Amateur Team West Championship"]
[Site "chess24.com"]
[Date "2020.02.16"]
[Round "3"]
[White "Palusa, Maurya"]
[Black "Jhunjhnuwala, Krishan"]
[Result "1/2-1/2"]
[Board "1"]
[WhiteFideId "2094835"]
[WhiteElo "1889"]
[WhiteCountry "USA"]
[WhiteEloChange "8"]
[BlackFideId "6000029"]
[BlackTitle "FM"]
[BlackElo "2341"]
[BlackCountry "USA"]
[BlackEloChange "-8"]

1. e4 {[%clk 2:00:00]} c5 {[%clk 1:59:58]} 2. Nf3 {[%clk 1:59:57]} Nc6 {[%clk
1:59:58]} 3. d4 {[%clk 1:59:54]} cxd4 {[%clk 1:59:58]} 4. Nxd4 {[%clk 1:59:53]}
Nf6 {[%clk 1:59:58]} 5. Nc3 {[%clk 1:59:45]} e5 {[%clk 1:59:56]} 6. Ndb5 {[%clk
1:59:41]} d6 {[%clk 1:59:51]} 7. Bg5 {[%clk 1:59:35]} a6 {[%clk 1:59:47]} 8. Na3
{[%clk 1:59:32]} b5 {[%clk 1:59:35]} 9. Nd5 {[%clk 1:59:28]} Be7 {[%clk 1:59:30]}
10. Bxf6 {[%clk 1:59:25]} Bxf6 {[%clk 1:59:30]} 11. c3 {[%clk 1:59:22]} Bg5
{[%clk 1:59:00]} 12. Nc2 {[%clk 1:59:02]} O-O {[%clk 1:58:41]} 13. a4 {[%clk
1:55:56]} bxa4 {[%clk 1:57:56]} 14. Rxa4 {[%clk 1:55:37]} a5 {[%clk 1:57:46]} 15.
Bc4 {[%clk 1:54:37]} Rb8 {[%clk 1:57:00]} 16. b3 {[%clk 1:54:12]} Kh8 {[%clk
1:56:35]} 17. Nce3 {[%clk 1:45:59]} g6 {[%clk 1:55:33]} 18. h4 {[%clk 1:27:33]}
Bxh4 {[%clk 1:46:51]} 19. Nf5 {[%clk 1:25:34]} gxf5 {[%clk 1:37:03]} 20. Qh5
{[%clk 1:25:16]} Qg5 {[%clk 1:31:01]} 21. Rxh4 {[%clk 1:15:18]} Qxh5 {[%clk
1:26:32]} 22. Rxh5 {[%clk 1:15:18]} f4 {[%clk 1:21:18]} 23. Kd2 {[%clk 1:04:25]}
f5 {[%clk 1:18:26]} 24. Bd3 {[%clk 1:02:31]} Be6 {[%clk 1:10:32]} 25. Rh6 {[%clk
0:56:36]} Bxd5 {[%clk 0:50:47]} 26. exd5 {[%clk 0:56:28]} Ne7 {[%clk 0:50:14]}
27. Rxa5 {[%clk 0:48:12]} Ng8 {[%clk 0:45:07]} 28. Rxd6 {[%clk 0:45:14]} Rxb3
{[%clk 0:41:38]} 29. Rb5 {[%clk 0:40:37]} Ra3 {[%clk 0:40:04]} 30. Rbb6 {[%clk
0:37:43]} Ra2+ {[%clk 0:36:40]} 31. Bc2 {[%clk 0:37:28]} e4 {[%clk 0:36:08]} 32.
Re6 {[%clk 0:33:50]} Kg7 {[%clk 0:33:49]} 33. c4 {[%clk 0:29:07]} Nf6 {[%clk
0:29:34]} 34. Kc3 {[%clk 0:22:54]} Ng4 {[%clk 0:23:16]} 35. Re7+ {[%clk 0:13:49]}
Rf7 {[%clk 0:21:54]} 36. Rbb7 {[%clk 0:13:41]} Rxe7 {[%clk 0:19:51]} 37. Rxe7+
{[%clk 0:13:41]} Kf6 {[%clk 0:17:07]} 38. d6 {[%clk 0:10:32]} e3 {[%clk 0:14:28]}
39. fxe3 {[%clk 0:08:56]} fxe3 {[%clk 0:12:48]} 40. Bb3 {[%clk 0:02:14]} Ra5
{[%clk 0:07:19]} 41. c5 {[%clk 0:16:16]} Rxc5+ {[%clk 0:32:23]} 42. Kd4 {[%clk
0:14:27]} 1/2-1/2

[Event "US Amateur Team West Championship"]
[Site "chess24.com"]
[Date "2020.02.16"]
[Round "3"]
[White "Jhunjhnuwala, Ramesh"]
[Black "Pang, Ashley"]
[Result "1-0"]
[Board "2"]
[WhiteFideId "6000053"]
[WhiteElo "2143"]
[WhiteCountry "USA"]
[WhiteEloChange "2"]
[BlackFideId "30930839"]
[BlackTitle "WCM"]
[BlackElo "1725"]
[BlackCountry "USA"]
[BlackEloChange "-2"]

1. e4 {[%clk 2:00:00]} c5 {[%clk 1:56:42]} 2. c3 {[%clk 1:59:53]} d5 {[%clk
1:56:07]} 3. exd5 {[%clk 1:59:53]} Qxd5 {[%clk 1:56:05]} 4. d4 {[%clk 1:59:51]}
e6 {[%clk 1:56:02]} 5. Nf3 {[%clk 1:58:36]} Nf6 {[%clk 1:55:03]} 6. Be2 {[%clk
1:54:34]} Nc6 {[%clk 1:52:54]} 7. O-O {[%clk 1:53:16]} cxd4 {[%clk 1:51:18]} 8.
cxd4 {[%clk 1:47:35]} Be7 {[%clk 1:50:24]} 9. Nc3 {[%clk 1:47:11]} Qd8 {[%clk
1:50:12]} 10. Be3 {[%clk 1:41:35]} O-O {[%clk 1:40:23]} 11. Ne5 {[%clk 1:25:37]}
Nb4 {[%clk 1:36:17]} 12. Rc1 {[%clk 1:19:38]} Nfd5 {[%clk 1:31:36]} 13. Nxd5
{[%clk 1:17:53]} Nxd5 {[%clk 1:29:54]} 14. Bd3 {[%clk 1:16:18]} Bd6 {[%clk
1:26:27]} 15. Qh5 {[%clk 1:05:28]} g6 {[%clk 1:12:09]} 16. Qh6 {[%clk 0:58:51]}
Bxe5 {[%clk 0:55:29]} 17. dxe5 {[%clk 0:55:51]} Nxe3 {[%clk 0:53:40]} 18. Qxe3
{[%clk 0:40:23]} b6 {[%clk 0:51:13]} 19. Be4 {[%clk 0:36:09]} Rb8 {[%clk
0:50:31]} 20. Rfd1 {[%clk 0:35:39]} Qe7 {[%clk 0:48:47]} 21. Rd6 {[%clk 0:33:16]}
Bb7 {[%clk 0:43:19]} 22. h3 {[%clk 0:31:34]} f5 {[%clk 0:40:03]} 23. Bxb7 {[%clk
0:30:48]} Rxb7 {[%clk 0:39:53]} 24. Rcc6 {[%clk 0:29:18]} Re8 {[%clk 0:39:28]}
25. Qf3 {[%clk 0:20:40]} Rc7 {[%clk 0:37:07]} 26. Qc3 {[%clk 0:13:25]} Rxc6
{[%clk 0:32:21]} 27. Qxc6 {[%clk 0:13:23]} Kh8 {[%clk 0:30:39]} 28. Rd7 {[%clk
0:10:12]} Qb4 {[%clk 0:24:23]} 29. Qc7 {[%clk 0:07:50]} Qh4 {[%clk 0:23:33]} 30.
Qxa7 {[%clk 0:06:20]} Rc8 {[%clk 0:23:08]} 31. Qxb6 {[%clk 0:03:27]} h5 {[%clk
0:18:57]} 32. Qa7 {[%clk 0:02:40]} Rc1+ {[%clk 0:12:15]} 33. Kh2 {[%clk 0:02:40]}
Qf4+ {[%clk 0:11:07]} 34. g3 {[%clk 0:02:40]} Rc7 {[%clk 0:08:42]} 35. Qb8+
{[%clk 0:02:30]} Rc8 {[%clk 0:08:35]} 36. Qxc8# {[%clk 0:02:30]} 1-0

[Event "US Amateur Team West Championship"]
[Site "chess24.com"]
[Date "2020.02.16"]
[Round "3"]
[White "Lee, Yesun"]
[Black "Jhunjhnuwala, Naresh"]
[Result "1-0"]
[Board "3"]
[WhiteFideId "30951879"]
[WhiteElo "1650"]
[WhiteCountry "USA"]
[WhiteEloChange "18"]
[BlackFideId "6000088"]
[BlackElo "2085"]
[BlackCountry "USA"]
[BlackEloChange "-18"]

1. d4 {[%clk 1:57:05]} Nf6 {[%clk 1:59:57]} 2. c4 {[%clk 1:57:00]} e6 {[%clk
1:59:56]} 3. Nc3 {[%clk 1:56:58]} d5 {[%clk 1:59:56]} 4. Nf3 {[%clk 1:56:50]} Be7
{[%clk 1:59:44]} 5. Bf4 {[%clk 1:56:47]} O-O {[%clk 1:59:35]} 6. e3 {[%clk
1:56:46]} c5 {[%clk 1:56:44]} 7. Be2 {[%clk 1:53:11]} b6 {[%clk 1:54:45]} 8. O-O
{[%clk 1:52:58]} Bb7 {[%clk 1:54:30]} 9. dxc5 {[%clk 1:49:08]} bxc5 {[%clk
1:54:02]} 10. Qb3 {[%clk 1:44:12]} Qb6 {[%clk 1:45:48]} 11. Qxb6 {[%clk 1:42:55]}
axb6 {[%clk 1:45:48]} 12. Ne5 {[%clk 1:42:45]} Nc6 {[%clk 1:38:51]} 13. Rfd1
{[%clk 1:38:57]} dxc4 {[%clk 1:21:33]} 14. Nxc4 {[%clk 1:29:49]} e5 {[%clk
1:07:57]} 15. Nxe5 {[%clk 1:28:38]} Nxe5 {[%clk 1:03:33]} 16. Bxe5 {[%clk
1:28:38]} Bc6 {[%clk 1:02:51]} 17. Bd6 {[%clk 1:16:03]} Bxd6 {[%clk 0:57:05]} 18.
Rxd6 {[%clk 1:16:03]} Rfc8 {[%clk 0:56:27]} 19. Rxc6 {[%clk 1:09:39]} Rxc6 {[%clk
0:56:27]} 20. Bf3 {[%clk 1:09:39]} Rcc8 {[%clk 0:56:25]} 21. Bxa8 {[%clk
1:09:39]} Rxa8 {[%clk 0:56:25]} 22. Rd1 {[%clk 1:09:34]} Kf8 {[%clk 0:51:07]} 23.
a3 {[%clk 1:07:20]} Ke7 {[%clk 0:47:46]} 24. Kf1 {[%clk 1:06:53]} Rd8 {[%clk
0:44:34]} 25. Rxd8 {[%clk 1:04:51]} Kxd8 {[%clk 0:44:32]} 26. f3 {[%clk 1:04:45]}
Kd7 {[%clk 0:43:54]} 27. Ke2 {[%clk 1:04:26]} Kc6 {[%clk 0:43:25]} 28. Kd3 {[%clk
1:03:22]} b5 {[%clk 0:41:59]} 29. b3 {[%clk 1:03:07]} h6 {[%clk 0:40:58]} 30. e4
{[%clk 0:50:30]} Nd7 {[%clk 0:34:30]} 31. Nd5 {[%clk 0:46:14]} Ne5+ {[%clk
0:33:22]} 32. Kc3 {[%clk 0:45:52]} g5 {[%clk 0:25:15]} 33. Ne7+ {[%clk 0:35:28]}
Kb6 {[%clk 0:24:32]} 34. Nd5+ {[%clk 0:24:02]} Kc6 {[%clk 0:24:30]} 35. Nf6
{[%clk 0:23:37]} Ng6 {[%clk 0:23:07]} 36. g3 {[%clk 0:17:33]} Nf8 {[%clk
0:15:39]} 37. Ng4 {[%clk 0:16:57]} h5 {[%clk 0:10:26]} 38. Ne5+ {[%clk 0:16:57]}
Kb6 {[%clk 0:10:17]} 39. Nxf7 {[%clk 0:16:56]} Ne6 {[%clk 0:10:17]} 40. b4 {[%clk
0:12:10]} h4 {[%clk 0:09:26]} 41. Ne5 {[%clk 0:11:22]} cxb4+ {[%clk 0:07:19]} 42.
axb4 {[%clk 0:11:22]} Kc7 {[%clk 0:06:49]} 43. Kd3 {[%clk 0:05:03]} Kd6 {[%clk
0:06:42]} 44. Ng4 {[%clk 0:04:44]} Nc7 {[%clk 0:05:22]} 45. Ne3 {[%clk 0:04:13]}
Ke5 {[%clk 0:04:57]} 46. gxh4 {[%clk 0:02:29]} gxh4 {[%clk 0:04:57]} 47. Ng2
{[%clk 0:02:25]} h3 {[%clk 0:04:44]} 48. f4+ {[%clk 0:02:25]} Kf6 {[%clk
0:00:14]} 49. Nh4 {[%clk 0:02:25]} Ne6 {[%clk 0:29:59]} 50. e5+ {[%clk 0:31:59]}
Kf7 {[%clk 0:29:09]} 51. Ke4 {[%clk 0:31:59]} Nc7 {[%clk 0:29:05]} 52. Nf5 {[%clk
0:29:57]} Na6 {[%clk 0:27:25]} 53. Nd6+ {[%clk 0:29:57]} Ke7 {[%clk 0:27:21]} 54.
f5 {[%clk 0:29:57]} Nxb4 {[%clk 0:27:17]} 55. f6+ {[%clk 0:29:57]} Kf8 {[%clk
0:27:10]} 56. e6 {[%clk 0:29:39]} Nc6 {[%clk 0:27:04]} 57. Kd5 {[%clk 0:29:34]}
1-0